| 000 | 00462pab a2200169 454500 | ||
|---|---|---|---|
| 008 | 180718b2007 xxu||||| |||| 00| 0 eng d | ||
| 100 | _aRamana, M.V. | ||
| 245 | _aHeavy subsidies in heavy water: economics of nuclear power in India | ||
| 260 | _c2007 | ||
| 300 | _ap.3483-490. | ||
| 362 | _a25 Aug | ||
| 650 | _aHeavy water resources - India | ||
| 650 | _aHeavy water resources | ||
| 773 | _aEconomic and Political Weekly | ||
| 908 | _aN | ||
| 909 | _a75719 | ||
| 999 |
_c75719 _d75719 |
||